000 00956nam a22003017a 4500
001 BR8202539
003 BR-BrBNA
005 20230928091315.0
007 ta
008 230509b bl.||||| |||| 00| 0 por d
040 _aBR-BrBNA
_bpor
_cBiblioteca Nacional de Agricultura
041 _a(Por)
072 _aE70
_b9410
_b/G514
090 _ 9410 BR8202539
100 1 _aToledo, Y.I.M.
110 1 _aEscola Superior de Agricultura Luiz de Queiroz, Piracicaba, SP (Brasil)
_0Tese (Mestre em Economia Agraria)
245 1 _aUma aplicacao da programacao linear recursiva - oferta de leite na DIRA de Campinas [Divisao Regional Agricola, Sao Paulo, Brasil]
260 3 _aPiracicaba, SP (Brasil):
_c1982.
300 _a155 p.
500 _a34 tables; 38 ref.; Summaries (Eng, Por)
650 _aLEITE
650 _aOFERTA
650 _aCAMPINAS
650 _aPRECO
650 _aSAO PAULO
909 _a202309
_bLucia
_c55
_dLucia Elande
942 _cBK
999 _c33311
_d33311